| 000 | 00938nam a2200277 i 4500 | ||
|---|---|---|---|
| 001 | 77798 | ||
| 003 | ES-MaACL | ||
| 005 | 20231229063019.0 | ||
| 007 | t| | ||
| 008 | 041110s1987 sp |||| | spa d | ||
| 020 | _a84-01-33331-8 | ||
| 080 | _a329.11(460)"18/19" | ||
| 080 | _a329.055.2(460)"18/19" | ||
| 100 | 1 |
_aCierva, Ricardo de la, _d1926-2015 _938790 |
|
| 245 | 1 | 3 |
_aLa derecha sin remedio _b: de la prisión de Jovellanos al martirio de Fraga / _cRicardo de la Cierva. |
| 250 | _a1ª ed. | ||
| 260 |
_aEsplugues de Llobregat (Barcelona) : _bPlaza & Janés, _c1987. |
||
| 300 |
_a425 p. ; _c22 cm. |
||
| 490 | 1 | _aPlaza & Janés época | |
| 650 | 4 |
_aConservadurismo- _zEspaña- _yS.XIX. _911286 |
|
| 650 | 4 |
_aConservadurismo- _zEspaña- _yS.XX. _911287 |
|
| 650 | 4 |
_aDerecha (Política)- _zEspaña. _911601 |
|
| 830 | 0 |
_aPlaza & Janés época _9231362 |
|
| 852 |
_aES-MaACL _jE-10301 |
||
| 999 |
_c77798 _d77798 |
||